000 00587nam a2200241 a 4500
001 nice12345678
003 IN_TiNIC
005 20260116011434.0
008 050524s1962 lona grp 000 0 eng
020 _a
_c100
082 0 0 _a221.6
_bWRI
100 _aWright, G Ernest
245 _aStudies in Biblical Theology
260 _aLondon
_bSCM Press
_c1962
300 _a115p
500 _aincludes index and biblioraphy
505 2 _aIndex
650 _aBible O.T. Criticism & Interpretati
700 1 _aWright, G Ernest
902 _bSRS
942 _cBK
999 _c1540
_d1540